|
|
|
|
| LEADER |
02099nam a2200409 a 4500 |
| 001 |
000023310 |
| 003 |
CZ BrMZK |
| 005 |
20170518110152.0 |
| 007 |
ta |
| 008 |
950707s1988 xr f cze d |
| 015 |
|
|
|a cnb000043986
|
| 040 |
|
|
|a BOA001
|b cze
|
| 080 |
|
|
|a 528(075.8)
|2 MRF
|
| 100 |
1 |
|
|a Novák, Václav,
|d 1924-2004
|7 jk01090533
|4 aut
|
| 245 |
1 |
0 |
|a Kartografie a topografie :
|b vysokoškolská učebnice pro studenty přírodověd.a pedag.fak., stud.oboru 76-12-8 Učitelství všeobecně vzdělávacích předmětů /
|c Václav Novák, Zdeněk Murdych
|
| 250 |
|
|
|a 1.vyd.
|
| 260 |
|
|
|a Praha :
|b Státní pedagogické nakladatelství,
|c 1988
|
| 300 |
|
|
|a 318 s., 8 s. barev. obr. příl.
|
| 490 |
1 |
|
|a Učebnice pro vysoké školy
|
| 500 |
|
|
|a Dostupné též v digitální podobě v aplikaci Kramerius
|
| 700 |
1 |
|
|a Murdych, Zdeněk
|7 jx20050701050
|4 aut
|
| 830 |
|
0 |
|a Učebnice pro vysoké školy (Státní pedagogické nakladatelství)
|0 s
|
| 856 |
4 |
1 |
|u http://www.digitalniknihovna.cz/mzk/uuid/uuid:6f2cf1c0-bda8-11e5-b5dc-005056827e51
|y Digitalizovaný dokument
|x NDK
|
| 910 |
|
|
|a BOA001
|b PK-0109.309
|b 2-0939.999
|b TK-0239.166
|
| 920 |
|
|
|a 000107922
|
| 920 |
|
|
|a 000343181
|
| 964 |
|
|
|a Kartografie - učebnice - školy vysoké
|
| 964 |
|
|
|a Topografie - učebnice - školy vysoké
|
| 990 |
|
|
|a BK
|
| 991 |
|
|
|b 201705
|
| 996 |
6 |
|
|b 2619504555
|c 2-0939.999
|l MZK
|r Sklad / do 1 hodiny
|n 51
|w 000023310
|u 000070
|a 1
|e BOA001
|j MZK50
|s P
|
| 996 |
7 |
|
|b 2629969884
|c TK-0239.166
|l MZK
|r Sklad / do 24 hodin
|n 40
|w 000023310
|u 000100
|a 1
|e BOA001
|j MZK50
|s A
|
| 996 |
7 |
|
|b 3119906023
|c PK-0109.309
|l MZK
|r Sklad / do 1 hodiny
|n 37
|w 000023310
|u 000050
|a 1
|e BOA001
|j MZK50
|s A
|
| 996 |
7 |
|
|b 3119931588
|c PK-0109.309
|l MZK
|r Sklad / do 1 hodiny
|n 39
|w 000023310
|u 000040
|a 1
|e BOA001
|j MZK50
|s A
|
| 996 |
6 |
|
|b 3119940535
|c PK-0109.309
|l MZK
|r STM 6p
|n 0
|h 528 NOV
|w 000023310
|u 000030
|a 0
|e BOA001
|j MZK50
|s P
|
| 996 |
7 |
|
|b 3119964387
|c PK-0109.309
|l MZK
|r Sklad / do 1 hodiny
|n 39
|w 000023310
|u 000020
|a 1
|e BOA001
|j MZK50
|s A
|
| 996 |
7 |
|
|b 3119998870
|c PK-0109.309
|l MZK
|r Sklad / do 1 hodiny
|n 31
|w 000023310
|u 000010
|a 1
|e BOA001
|j MZK50
|s A
|